| 000 | 00581nam a2200157Ia 4500 | ||
|---|---|---|---|
| 008 | 231221s9999 xx 000 0 und d | ||
| 020 | _a978-3-540-31794-4 | ||
| 041 | _aEnglish | ||
| 100 | _aCorrado Priami, Paola Quaglia | ||
| 245 | 0 | _aGlobal Computing | |
| 260 |
_c2005 _bSpringer US _aNew York |
||
| 440 | _aLecture Notes in Computer Science | ||
| 650 | _aComputer Science | ||
| 650 | _aSoftware Engineering; Computer Communication Networks; Programming Techniques; Operating Systems; Artificial Intelligence (incl. Robotics); Logics and Meanings of Programs | ||
| 942 | _cEB | ||
| 999 |
_c220952 _d220952 |
||